000 00428nab a2200145Ia 4500
003 ES-SlBCS
005 20210601125451.0
008 140529s1983-84 xxu||||| |||| 00| 0 eng d
041 _aeng
100 1 _aHeelan, Patrick A.
_9132871
245 0 0 _aPerception as a Hermeneutical Act
_c Patrick A. Heelan
650 0 4 _aHermenéutica
_986759
773 0 _tReview of Methaphysics
_gvol. 37, 1983-84, págs. 61-76
_wRev843
942 _cAR
999 _c530818
_d530818